The Art of strategy : a game theorist`s guide to success in business & life.
| Main Author: | |
|---|---|
| Other Authors: | |
| Format: | Book |
| Published: |
New York:
W.W. Norton,
2008.
|
| Subjects: |
| LEADER | 00564cam a2200193 7i4500 | ||
|---|---|---|---|
| 001 | 0000025557 | ||
| 005 | 20110112090000.0 | ||
| 020 | 0 | 0 | |a 978-0-393-33717-4 |
| 090 | 0 | 0 | |a B 658.4012 |b DIX |
| 100 | 1 | 0 | |a Dixist |
| 245 | 1 | 4 | |a The Art of strategy : |b a game theorist`s guide to success in business & life. |
| 260 | 0 | 0 | |a New York: |b W.W. Norton, |c 2008. |
| 300 | # | # | |a 483 p. |
| 650 | 0 | 0 | |a Strategic planning |
| 650 | 0 | 0 | |a Strategy |
| 650 | 0 | 0 | |a Game Theory |
| 650 | 0 | 0 | |a Decision making |
| 700 | 1 | 1 | |a Nalebuff, |h Barry |
| 999 | |a B000027768 |b Book |c Book |e Business Information Centre | ||


